10両以上機関車を保有する鉄道事業者 - Statistics

General Stats
  • This quiz has been taken 146 times
  • The average score is 6 of 8
Answer Stats
保有数 Answer % Correct
579 日本貨物鉄道
97%
59 東日本旅客鉄道
97%
44 西日本旅客鉄道
96%
11 九州旅客鉄道
96%
24 北海道旅客鉄道
91%
20 大井川鐵道
53%
12 三岐鉄道
41%
26 黒部峡谷鉄道
28%
No matching quizzes found
Score Distribution
Percent of People with Each Score
Percentile by Number Answered
Your Score History
You have not taken this quiz